[Event "Dewan Astana Karnival op (Women)"]
[Site "Dewan Astana"]
[Date "2015.07.30"]
[Round "3"]
[White "Siti, Nurain Muhd Musa"]
[Black "Julyana, Md Zakaria"]
[Result "1-0"]
[WhiteElo "1201"]
[BlackElo "1378"]
[PlyCount "100"]
[EventDate "2015.07.29"]
[EventType "swiss"]
[EventRounds "7"]
[EventCountry "MAS"]
[SourceTitle "EXT 2017"]
[Source "ChessBase"]
[SourceDate "2016.10.25"]
[SourceVersion "1"]
[SourceVersionDate "2016.10.25"]
[SourceQuality "1"]

1. e4 e5 2. Nf3 Nc6 3. Nc3 Bc5 4. Bb5 a6 5. Bxc6 bxc6 6. Nxe5 Qf6 7. Nf3 d6 8. h3 Ne7 9. d4 Bb6 10. 0-0 h6 11. Re1 0-0 12. e5 dxe5 13. Nxe5 Bf5 14. Ne4 Qh4 15. Qd3 Ng6 16. Qg3 Qxg3 17. Nxg3 Bxc2 18. Be3 Nxe5 19. dxe5 Bxe3 20. Rxe3 Rfe8 21. Rc1 Bg6 22. Rxc6 Re7 23. f4 f5 24. Rxg6 Kf7 25. Rc6 g6 26. Rec3 Ra7 27. h4 h5 28. Ne2 a5 29. Nd4 Ke8 30. Ne6 Rd7 31. Nxc7+ Kf7 32. e6+ Ke7 33. exd7 Kxd7 34. Nd5 a4 35. Rxg6 Ke8 36. Rc7 Rxc7 37. Nxc7+ Kf7 38. Ra6 Ke7 39. b4 axb3 40. axb3 Kd7 41. Nd5 Kc8 42. b4 Kb7 43. Rf6 Kc8 44. Rxf5 Kb7 45. Re5 Kc6 46. Ne7+ Kd6 47. Re2 Kc7 48. f5 Kd8 49. f6 Kd7 50. f7 Kd6 1-0